|
|
|
|
| LEADER |
00000cam a2200000 7i4500 |
| 001 |
0000016031 |
| 005 |
20080421.0 |
| 008 |
080421 |
| 020 |
|
|
|a 0275989631
|
| 090 |
0 |
0 |
|a 363.325
|b MOC
|
| 100 |
1 |
|
|a Mockaitis, Thomas R
|
| 245 |
1 |
4 |
|a The "new" terrorism :
|b myths and reality
|c Thomas R. Mockaitis
|
| 260 |
|
|
|a India :
|b Pentagon Press ,
|c 2008
|
| 650 |
|
0 |
|a Terrorism
|
| 650 |
|
0 |
|a Terrorism
|x History
|
| 650 |
|
0 |
|a Terrorism
|x Prevention
|
| 650 |
|
0 |
|a War and terrorism, 2001
|
| 999 |
|
|
|a 0001018809
|b Book
|c Adult Collection
|e Perbadanan Perpustakaan Awam Johor
|
| 999 |
|
|
|a 0001442295
|b Book
|c Adult Collection
|e Cawangan Bandar Penawar
|